UITU Library & LRC     

Emile/ (Record no. 18934)

MARC details
000 -LEADER
fixed length control field 00371nam a2200157Ia 4500
003 - CONTROL NUMBER IDENTIFIER
control field OSt
005 - DATE AND TIME OF LATEST TRANSACTION
control field 20260518093451.0
008 - FIXED-LENGTH DATA ELEMENTS--GENERAL INFORMATION
fixed length control field 241002s9999 xx 000 0 und d
040 ## - CATALOGING SOURCE
Transcribing agency AACR2
082 ## - DEWEY DECIMAL CLASSIFICATION NUMBER
Classification number 808.4 ROU
100 ## - MAIN ENTRY--PERSONAL NAME
Personal name Rousseau, Jean Jacques
245 #0 - TITLE STATEMENT
Title Emile/
Statement of responsibility, etc. by Jean Jacques Rousseau
260 ## - PUBLICATION, DISTRIBUTION, ETC.
Place of publication, distribution, etc. London:
Date of publication, distribution, etc. 1955
600 ## - SUBJECT ADDED ENTRY--PERSONAL NAME
Personal name Literature
942 ## - ADDED ENTRY ELEMENTS (KOHA)
Koha item type Usman Collection
Source of classification or shelving scheme Dewey Decimal Classification
Holdings
Withdrawn status Lost status Damaged status Not for loan Home library Current library Date acquired Total checkouts Full call number Barcode Date last seen Price effective from Koha item type
        UITU Library UITU Library 01/01/1994   808.4 JEN UC607 10/02/2024 10/02/2024 Usman Collection

Powered by Koha